000 00510nam a2200181Ia 4500
999 _c28810
_d28810
003 OSt
005 20201231103909.0
008 190216s9999||||xx |||||||||||||| ||und||
020 _a9788188801466
040 _coclc
082 _a494.81282421
_bREV/P
100 _aRevathi
_98008
245 0 _a1001 Pazhamchollukal /
_cRevathi
260 _bLipi Publications,
_aKozhikode:
_c2005.
300 _a64p
650 _aGeneral
942 _cBK
_2ddc
_h494.81282421
_iREV/P
_k494.81282421
_mREV/P